000 01165nam a2200289 i 4500
003 DO-SdBNP
005 20250908131935.0
007 ta
008 130408s2002 dr a 000 0 spa d
040 _aDO-SdBNP
_bspa
_cBNPHU
_erda
082 4 _a614.1
_bP592m 2005
_222
100 1 _aPichardo, Alejandro
_9238
245 1 0 _aMedicina forense /
_cAlejandro Pichardo.
250 _aSegunda edición, ampliada y corregida
264 1 _aSanto Domingo :
_bEdiciones Jurídicas Trajano Potentini
_c2002
300 _a427 páginas
_bilustraciones
_c24 cm.
336 _2rdacontent
_atexto
_btxt
337 _2rdamedia
_asin mediación
_bn
338 _2rdacarrier
_avolumen
_bnc
500 _aIncluye datos biográficos del autor en la contracubierta
504 _aIncluye datos bibliográficos en diferentes páginas.
520 _aUna obra escrita con el propósito de llevar informaciones llanas y precisas para que estudiosos de esta muy importante rama del saber las hagan conocimiento y lo pongan al servicio de la justicia y la paz social.
590 _aInventariado, 2023/ YL
650 0 _aMedicina legal
_931267
910 _aYLockward
942 _2ddc
_cLBS1
999 _c55561
_d55561